000 00612nam a22002057a 4500
005 20260515114903.0
008 210409b ||||| |||| 00| 0 eng d
020 _a9788171397655
040 _aIN-DiNC
_cIN-DiNC
041 _deng
082 _a346.08
_bINT
245 _aIntellectual property rights and other related issues/
_cedited by P R Trivedi
260 _aNew Delhi:
_bJnanada prakashan,
_c2017
300 _avi, 427p.
650 _aIntellectual property rights
700 _aTrivedi, P R
_eEditor
700 _aGupta, Subhash C
_eEditor
700 _aNayak, Akshay Kumar
_eEditor
942 _2ddc
_cBK
999 _c11161
_d11161